000
00309 a2200157 4500
001
168563
020
_a
040
_c
Magnum
100
_a
Saldanha, Paula
240
1
0
_a
Herois dos gerais
_l
ING
245
1
0
_a
Herois dos gerais
362
0
_a
1899
440
1
_a
FTD
697
_a
J/AVENTURA
942
_c
BK
999
_c
168563
_d
168563